| 000 | 01349nam a2200325 c 4500 | ||
|---|---|---|---|
| 999 |
_c28138 _d28138 |
||
| 003 | BLK | ||
| 005 | 20210923140130.0 | ||
| 008 | 180407b bul|||||r ||||||| ||bul|| | ||
| 010 | _aKNG00030730000 | ||
| 020 | _a954-17-0192-2 | ||
| 040 | _aBLK | ||
| 041 |
_aBUL _cBUL |
||
| 080 |
_aАнглийска литература _b821.111 _x-31 _z821.111-31 |
||
| 100 | 1 |
_aАдлър, Елизабет _eпърви автор _9364396 |
|
| 139 |
_aАдлър, Елизабет _bА 31 |
||
| 245 | 1 | 0 |
_aСобственост на една дама _bРоман _cЕлизабет Адлър; прев. от англ. Силвия Вангелова Ненкова. |
| 257 | _aGBR | ||
| 260 |
_bКалпазанов _c1999 _fСофия : Инвестпрес |
||
| 300 |
_a512 с. _c20 см |
||
| 380 | _aX | ||
| 490 |
_aКолекция Елизабет Адлър _9201278 |
||
| 500 | _aОриг. загл. The Property of a Lady / Elizabeth Adler. - Офс. изд. - Доп. тир. 2000. | ||
| 653 | _aромани | ||
| 700 | 1 |
_aНенкова, Силвия Вангелова _eпрев. от англ. _9366297 |
|
| 852 | _aЦб 203550 | ||
| 856 | 4 | _qpdf | |
| 856 | 4 | _qpdf | |
| 942 |
_cKNG _n0 _032 _s1 |
||
| 944 |
_aCR _c15.01.2003 _lф / _kЛюдмила_Стоянова |
||
| 944 |
_aED _c10.02.2016 _lф / _kЛюдмила_Стоянова |
||
| 999 | _d28138 | ||